| Tag |
First Indicator |
Second Indicator |
Subfields |
| LEADER |
00000cam a2200000 a 4500 |
| 001 |
in00001327521 |
| 005 |
20151005081810.0 |
| 007 |
hd af||||b|c| |
| 008 |
821022s1981 mauao a f100 0 eng d |
| 019 |
|
|
|a 09089137
|
| 035 |
|
|
|a (OCoLC)08884397
|
| 035 |
|
|
|9 AHD4267AM
|
| 040 |
|
|
|a ARL
|c ARL
|d OCL
|d TXA
|d UtOrBLW
|
| 043 |
|
|
|a n-us---
|
| 049 |
|
|
|a TXAI
|
| 090 |
|
|
|a UB212
|b .N37 1981
|
| 099 |
|
|
|a film B
|a 3795.1
|a reel 2 frame
|a 304-497
|
| 111 |
2 |
|
|a National Security Issues Symposium
|n (1st :
|d 1981)
|
| 245 |
1 |
0 |
|a Strategic nuclear policies, weapons, and the C³ connection.
|
| 264 |
|
1 |
|a [Hanscom Air Force Base, Mass.] :
|b [Electronic Systems Division, USAF],
|c [1981?]
|
| 300 |
|
|
|a 190 pages :
|b illustrations ;
|c 28 cm.
|
| 336 |
|
|
|a text
|b txt
|2 rdacontent
|
| 337 |
|
|
|a microform
|b h
|2 rdamedia
|
| 338 |
|
|
|a microfilm reel
|b hd
|2 rdacarrier
|
| 500 |
|
|
|a "Cosponsored by The Electronic Systems Division, USAF, Hanscom Air Force Base, Massachusetts, and The MITRE Corporation, Bedford, Massachusetts."
|
| 533 |
|
|
|a Microfilm.
|b Frederick, MD :
|c University Publications of America,
|d 1983.
|e On reel 2 of 9 ; 35 mm.
|f (Nuclear weapons, arms control and the threat of thermonuclear war. special studies supplement. 1981-1983.
|
| 500 |
|
|
|a Microform.
|
| 650 |
|
0 |
|a National security
|z United States.
|
| 651 |
|
0 |
|a United States
|x Military policy.
|
| 650 |
|
0 |
|a Nuclear warfare.
|
| 650 |
|
0 |
|a Command and control systems.
|
| 710 |
1 |
|
|a United States.
|b Air Force.
|b Systems Command.
|b Electronic Systems Division.
|
| 710 |
2 |
|
|a Mitre Corporation.
|
| 740 |
0 |
|
|a National Security Issues 1981 Symposium.
|
| 830 |
|
0 |
|a Special studies series.
|p Nuclear weapons, arms control and the threat of thermonuclear war.
|p Supplement, 1981-1983.
|
| 999 |
|
|
|a MARS
|
| 999 |
f |
f |
|s 0f8d5ca4-0411-3087-8f04-25491e04d956
|i 47e40c5c-d373-3655-b4f9-3e1321dba31a
|t 0
|
| 952 |
f |
f |
|p default
|a Texas A&M University
|b College Station
|c Sterling C. Evans Library
|d Evans: Microforms (3rd floor)
|t 0
|e film B 3795.1 reel 2 frame 304-497
|h Other scheme
|i microform -- microfilm reel
|
| 998 |
f |
f |
|a film B 3795.1 reel 2 frame 304-497
|t 0
|l Evans: Microforms (3rd floor)
|